Famous Assassinations - Statistics

General Stats
  • This quiz has been taken 69 times
  • The average score is 10 of 25
Answer Stats
Date Place Victim % Correct
November 22, 1963 Dallas, United States John F. Kennedy
92%
April 14, 1865 Washington, D.C., United States Abraham Lincoln
87%
June 28, 1914 Sarajevo, Austria-Hungary Franz Ferdinand
85%
May 1, 1896 Tehran, Iran Naser al-Din Shah Qajar
85%
October 31, 1984 New Delhi, India Indira Gandhi
82%
January 30, 1948 New Delhi, India Mahatma Gandhi
82%
July 8, 2022 Nara, Japan Shinzo Abe
70%
September 6, 1901 Buffalo, United States William McKinley
67%
July 2, 1881 Washington, D.C., United States James A. Garfield
58%
October 6, 1981 Cairo, Egypt Anwar Sadat
53%
November 4, 1995 Tel Aviv, Israel Yitzhak Rabin
42%
October 26, 1979 Seoul, South Korea Park Chung-hee
35%
March 16, 1792 Stockholm, Sweden Gustav III
18%
March 25, 1975 Riyadh, Saudi Arabia Faisal bin Abdulaziz Al Saud
17%
October 9, 1934 Marseille, France Alexander I
13%
July 29, 1900 Monza, Italy Umberto I
13%
July 10, 1584 Delft, Netherlands William the Silent
13%
January 16, 2001 Kinshasa, D. R. Congo Laurent-Désiré Kabila
12%
October 16, 1951 Rawalpindi, Pakistan Liaquat Ali Khan
10%
March 18, 1913 Thessaloniki, Greece George I
8%
April 10, 1919 Chinameca, Mexico Emiliano Zapata
7%
October 26, 1909 Harbin, China Itō Hirobumi
7%
August 8, 1897 Mondragón, Spain Antonio Cánovas del Castillo
5%
September 25, 1959 Colombo, Sri Lanka S. W. R. D. Bandaranaike
5%
June 29, 1992 Annaba, Algeria Mohamed Boudiaf
3%
No matching quizzes found
Score Distribution
Percent of People with Each Score
Percentile by Number Answered
Your Score History
You have not taken this quiz